| 000 | 00546nam a2200181Ia 4500 | ||
|---|---|---|---|
| 008 | 090630s9999 xx 000 0 und d | ||
| 082 | _b10321 | ||
| 100 | _aआठवले विजया. | ||
| 245 |
_aकर्मयोग. _cआठवले विजया. |
||
| 260 |
_bआशिष. _c1989 |
||
| 300 | _a236 | ||
| 600 | _aआठवले विजया. | ||
| 630 | _aकर्मयोग. | ||
| 655 | _aकादंबरी. | ||
| 700 | _aआठवले विजया. | ||
| 730 | _aकर्मयोग. | ||
| 942 | _cBOOK | ||
| 999 |
_c262177 _d262177 |
||